000 nam a22 4500
999 _c9286
_d9286
008 180427b ||||| |||| 00| 0 eng d
245 _aObesity 'epidemic' affects one in 10 worldwide.
260 _aPhilippines
_bManila Bulletin
_cc2017
300 _apage 4.
650 0 _927647
_aObesity.
942 _2ddc
_cPER